[Event "Glorney Cup"]
[Site "Stirling"]
[Date "2023.08.20"]
[Round "5"]
[White "Banerjee, Supratit"]
[Black "Liu, Wenle"]
[Result "1/2-1/2"]
[WhiteElo "2016"]
[BlackElo "1537"]
[PlyCount "127"]
[EventDate "2023.08.18"]
[EventType "team-tourn"]
[EventRounds "6"]
[EventCountry "SCO"]
[SourceTitle "EXT 2024"]
[Source "ChessBase"]
[SourceDate "2023.10.10"]
[SourceVersion "1"]
[SourceVersionDate "2023.10.10"]
[SourceQuality "1"]
[WhiteTeam "Scotland"]
[BlackTeam "Ireland"]
[WhiteTeamCountry "SCO"]
[BlackTeamCountry "IRL"]

1. d4 e6 2. Bf4 Nf6 3. Nf3 c5 4. e3 Nc6 5. c3 d5 6. Nbd2 Bd7 7. Bd3 Rc8 8. h3 Be7 9. 0-0 0-0 10. Ne5 Ne8 11. Nxc6 Bxc6 12. Qc2 f5 13. Nf3 c4 14. Be2 Nf6 15. Ne5 Bd6 16. Rab1 Bxe5 17. Bxe5 Qd7 18. Bf3 Rf7 19. Qe2 Rff8 20. Kh1 Qd8 21. b3 b5 22. bxc4 bxc4 23. Rb4 Nd7 24. Bd6 Rf7 25. Rfb1 Nb6 26. Bc5 Na4 27. Qc2 Nxc5 28. dxc5 Qf8 29. Bh5 g6 30. Bf3 Qxc5 31. Kg1 Rcc7 32. Rb8+ Kg7 33. R1b4 a5 34. R4b6 Rb7 35. R6xb7 Rxb7 36. Rxb7+ Bxb7 37. Qb2 Bc8 38. Qb8 Kg8 39. Bd1 Qc6 40. Kh2 Qb7 41. Qd6 Kf7 42. Ba4 Kg7 43. Qd8 Qb8+ 44. g3 Qb2 45. Qe7+ Kg8 46. Kg2 Qb7 47. Qe8+ Kg7 48. Bc6 Qc7 49. Kh2 h6 50. h4 Kh7 51. a4 Kg7 52. Kg1 Kh7 53. Kh2 Kg7 54. f4 Kh7 55. Kh3 Kg7 56. Bb5 Kh7 57. Kg2 Kg7 58. Kf2 Kh7 59. Qf8 Bb7 60. Qf6 Qg7 61. Qxe6 Qxc3 62. h5 Qd2+ 63. Kf1 Qd1+ 64. Kf2 1/2-1/2

[Event "Glorney Cup"]
[Site "Stirling"]
[Date "2023.08.18"]
[Round "1"]
[White "Liu, Wenle"]
[Black "Agrawal, Shivam"]
[Result "1-0"]
[WhiteElo "1537"]
[BlackElo "1949"]
[PlyCount "131"]
[EventDate "2023.08.18"]
[EventType "team-tourn"]
[EventRounds "6"]
[EventCountry "SCO"]
[SourceTitle "EXT 2024"]
[Source "ChessBase"]
[SourceDate "2023.10.10"]
[SourceVersion "1"]
[SourceVersionDate "2023.10.10"]
[SourceQuality "1"]
[WhiteTeam "Ireland"]
[BlackTeam "England"]
[WhiteTeamCountry "IRL"]
[BlackTeamCountry "ENG"]

1. d4 d5 2. c4 c6 3. Nc3 Nf6 4. Nf3 e6 5. Bg5 Nbd7 6. e3 Qa5 7. Qb3 Ne4 8. cxd5 exd5 9. Bd3 f5 10. 0-0 Bd6 11. Bxe4 fxe4 12. Nxe4 Be7 13. Ng3 Qd8 14. Bxe7 Qxe7 15. e4 dxe4 16. Nxe4 Kd8 17. Rfe1 Nb6 18. Neg5 Qf6 19. Nf7+ Kc7 20. Nxh8 Nd5 21. Rac1 Be6 22. Qa3 Rxh8 23. Qxa7 Rf8 24. Qc5 Rf7 25. Qa5+ Kc8 26. Rxe6 Qxe6 27. Ng5 Qf5 28. Nxf7 Qxf7 29. Qd2 Qf5 30. Qe2 Qg6 31. Re1 Kc7 32. Qe6 Qc2 33. Qe5+ Kb6 34. Qxg7 Nf4 35. d5 Qd2 36. Qe5 Nxd5 37. Qe2 Qb4 38. a3 Qb3 39. Qe4 h6 40. Qd4+ Ka6 41. Re8 c5 42. Qd2 b6 43. Rd8 Nc7 44. Qd3+ Qxd3 45. Rxd3 c4 46. Rd6 Kb5 47. Rxh6 Na6 48. Re6 Nc5 49. Re5 Ka4 50. Re3 Nd3 51. h4 Kb3 52. Re6 b5 53. Rb6 Ka4 54. Rc6 Nxb2 55. h5 Kb3 56. h6 c3 57. Rxc3+ Kxc3 58. h7 Kb3 59. h8Q Nc4 60. Qh3+ Ka4 61. g4 Nxa3 62. g5 b4 63. g6 b3 64. Qxb3+ Kxb3 65. g7 Nc2 66. g8Q+ 1-0

[Event "EU-ch Hybrid U12"]
[Site "Tornelo INT"]
[Date "2021.10.15"]
[Round "3"]
[White "Isbatov, Kanan"]
[Black "Liu, Wenle"]
[Result "0-1"]
[WhiteElo "1399"]
[BlackElo "1258"]
[PlyCount "70"]
[EventDate "2021.10.15"]
[EventType "swiss"]
[EventRounds "9"]
[EventCountry "NET"]
[SourceTitle "EXT 2023"]
[Source "ChessBase"]
[SourceDate "2022.10.05"]
[SourceVersion "1"]
[SourceVersionDate "2022.10.05"]
[SourceQuality "1"]
[WhiteTeam "Azerbaijan"]
[BlackTeam "Irland"]
[WhiteTeamCountry "AZE"]
[BlackTeamCountry "IRL"]

1. Nf3 d5 2. g3 c5 3. Bg2 Nc6 4. d4 e6 5. 0-0 Nf6 6. c4 Be7 7. Nc3 0-0 8. dxc5 Bxc5 9. cxd5 exd5 10. Bg5 Be6 11. Rc1 Be7 12. Nd4 h6 13. Bf4 Bc5 14. Nb3 Bb6 15. Na4 Re8 16. Nac5 Bg4 17. Bf3 Bxf3 18. exf3 Bxc5 19. Nxc5 Qb6 20. Qd2 Rac8 21. Rfd1 g5 22. Bxg5 Ne5 23. Kg2 hxg5 24. Qxg5+ Ng6 25. Nb3 Rxc1 26. Rxc1 Re2 27. Rf1 Rxb2 28. h4 Qe6 29. f4 Ne4 30. Qd8+ Kh7 31. Qc7 Nf6 32. f5 Qxf5 33. Qxf7+ Kh6 34. Nd4 Qe4+ 35. Nf3 Qxf3+ 0-1

[Event "EU-ch Hybrid U12"]
[Site "Tornelo INT"]
[Date "2021.10.15"]
[Round "7"]
[White "Jalovec, Igor"]
[Black "Liu, Wenle"]
[Result "1/2-1/2"]
[WhiteElo "1539"]
[BlackElo "1258"]
[PlyCount "68"]
[EventDate "2021.10.15"]
[EventType "swiss"]
[EventRounds "9"]
[EventCountry "NET"]
[SourceTitle "EXT 2023"]
[Source "ChessBase"]
[SourceDate "2022.10.05"]
[SourceVersion "1"]
[SourceVersionDate "2022.10.05"]
[SourceQuality "1"]
[WhiteTeam "Slovenia"]
[BlackTeam "Irland"]
[WhiteTeamCountry "SLO"]
[BlackTeamCountry "IRL"]

1. e4 e6 2. d4 d5 3. Nd2 Nf6 4. e5 Nfd7 5. Ngf3 c5 6. c3 Nc6 7. Nb3 Be7 8. Be2 0-0 9. 0-0 c4 10. Nbd2 f6 11. exf6 Bxf6 12. Re1 e5 13. dxe5 Ndxe5 14. Nf1 Nxf3+ 15. Bxf3 d4 16. Bxc6 bxc6 17. cxd4 Bxd4 18. Ne3 Qf6 19. Qc2 c3 20. Rb1 Bxe3 21. Rxe3 Bf5 22. Qb3+ Kh8 23. Ra1 Rad8 24. Re1 Be4 25. f4 Qg6 26. g3 Rd3 27. Be3 c2 28. Qb4 Rfd8 29. Rac1 h6 30. a3 Rd1 31. Kf2 c5 32. Qa4 c4 33. Qxc4 Bd3 34. Qc7 Rd5 1/2-1/2

[Event "EU-ch Hybrid U12"]
[Site "Tornelo INT"]
[Date "2021.10.15"]
[Round "5"]
[White "Kalin, Andrei"]
[Black "Liu, Wenle"]
[Result "1-0"]
[WhiteElo "1489"]
[BlackElo "1258"]
[PlyCount "100"]
[EventDate "2021.10.15"]
[EventType "swiss"]
[EventRounds "9"]
[EventCountry "NET"]
[SourceTitle "EXT 2023"]
[Source "ChessBase"]
[SourceDate "2022.10.05"]
[SourceVersion "1"]
[SourceVersionDate "2022.10.05"]
[SourceQuality "1"]
[WhiteTeam "Macedonia"]
[BlackTeam "Irland"]
[WhiteTeamCountry "MKD"]
[BlackTeamCountry "IRL"]

1. e4 e6 2. d4 d5 3. Nd2 c5 4. exd5 Qxd5 5. Ngf3 cxd4 6. Bc4 Qd8 7. Nb3 Nc6 8. Nbxd4 Bd7 9. 0-0 Nf6 10. Re1 Rc8 11. Bb3 Bc5 12. h3 0-0 13. Be3 Qe7 14. Qe2 Rfe8 15. Rad1 Na5 16. Ne5 Nxb3 17. axb3 Bxd4 18. Bxd4 Bc6 19. Bxa7 Nd5 20. Nxc6 Rxc6 21. Rxd5 b6 22. Bxb6 Rxb6 23. Rd2 Qf6 24. Qe3 Rbb8 25. Qc3 Qg6 26. Red1 h6 27. Qd3 Qf6 28. Qd4 Qg5 29. b4 e5 30. Qe4 Qe7 31. c3 Qe6 32. Qd5 Qf6 33. b5 Rb6 34. c4 Reb8 35. Qc5 Qf4 36. Rd8+ Kh7 37. Rxb8 Rxb8 38. Qc7 Ra8 39. b6 Ra2 40. b7 Rxb2 41. Rf1 Rc2 42. b8Q Rc1 43. Qxe5 Rxf1+ 44. Kxf1 Qxc4+ 45. Kg1 Qc2 46. Qbb2 Qg6 47. Qbd4 f5 48. Qdf4 Qc6 49. Qfxf5+ Qg6 50. Qxg6+ Kxg6 1-0

[Event "EU-ch Hybrid U12"]
[Site "Tornelo INT"]
[Date "2021.10.15"]
[Round "4"]
[White "Liu, Wenle"]
[Black "Petrovic, Dusan Z"]
[Result "0-1"]
[WhiteElo "1258"]
[BlackElo "1652"]
[PlyCount "142"]
[EventDate "2021.10.15"]
[EventType "swiss"]
[EventRounds "9"]
[EventCountry "NET"]
[SourceTitle "EXT 2023"]
[Source "ChessBase"]
[SourceDate "2022.10.05"]
[SourceVersion "1"]
[SourceVersionDate "2022.10.05"]
[SourceQuality "1"]
[WhiteTeam "Irland"]
[BlackTeam "Serbia"]
[WhiteTeamCountry "IRL"]
[BlackTeamCountry "SRB"]

1. e4 c5 2. Nf3 e6 3. c3 Nc6 4. d3 d6 5. Bf4 Be7 6. Nbd2 Nf6 7. d4 cxd4 8. cxd4 0-0 9. Rc1 Qd7 10. Bb5 a6 11. Bxc6 bxc6 12. Nc4 Rb8 13. Qe2 Ne8 14. 0-0 Nc7 15. a4 f6 16. a5 e5 17. Nb6 Qe8 18. Bg3 Nb5 19. dxe5 dxe5 20. Qc4+ Kh8 21. Qxc6 Qxc6 22. Rxc6 Bb7 23. Rcc1 Rfd8 24. Rfd1 Bxe4 25. Nd2 Bf5 26. Ndc4 Nd4 27. Kf1 Nb3 28. Rxd8+ Rxd8 29. Rc3 Bd3+ 30. Rxd3 Rxd3 31. Ke2 Rd8 32. f4 exf4 33. Bxf4 Bb4 34. Bc7 Re8+ 35. Kd3 Nc5+ 36. Kc2 Re2+ 37. Kd1 Rxg2 38. Nd5 Nd3 39. Nde3 Rf2 40. Nc2 Be7 41. Bg3 Rf5 42. N2e3 Rb5 43. Kc2 Nb4+ 44. Kd2 Nc6 45. Bc7 Bb4+ 46. Kd3 Nxa5 47. Nb6 Bc5 48. Nbd5 Bxe3 49. Nxe3 Rb3+ 50. Ke4 Nb7 51. Nd5 Rxb2 52. Kf5 Nc5 53. h4 Rf2+ 54. Kg4 h5+ 55. Kh3 Ne4 56. Nf4 Rxf4 57. Bxf4 g5 58. hxg5 fxg5 59. Bc7 Kg7 60. Ba5 Kf6 61. Bb6 Kf5 62. Bc7 Nd2 63. Ba5 Nc4 64. Bc3 a5 65. Kg3 a4 66. Kh2 Kf4 67. Kg2 a3 68. Kf2 a2 69. Ke2 g4 70. Kd3 g3 71. Kxc4 g2 0-1

[Event "IRL-ch 100th Weekday op"]
[Site "Dublin"]
[Date "2021.08.03"]
[Round "2"]
[White "Liu, Wenle"]
[Black "O'Laoide, Liam"]
[Result "0-1"]
[WhiteElo "1162"]
[BlackElo "1626"]
[PlyCount "64"]
[EventDate "2021.08.02"]
[EventType "swiss"]
[EventRounds "5"]
[EventCountry "IRL"]
[SourceTitle "EXT 2022"]
[Source "ChessBase"]
[SourceDate "2021.10.06"]
[SourceVersion "1"]
[SourceVersionDate "2021.10.06"]
[SourceQuality "1"]

1. d4 d5 2. c4 c6 3. Nc3 Nf6 4. Nf3 dxc4 5. e3 b5 6. Qc2 e6 7. a3 Be7 8. g3 Bb7 9. Bg2 Nbd7 10. 0-0 0-0 11. Re1 a6 12. e4 c5 13. Be3 Ng4 14. Rad1 Nxe3 15. Rxe3 cxd4 16. Nxd4 Bc5 17. Re2 Qe7 18. Red2 Ne5 19. Nf3 Nd3 20. Ne1 Nxe1 21. Rxe1 Rfd8 22. Red1 Kf8 23. e5 Rxd2 24. Rxd2 Bxg2 25. Qxh7 Qb7 26. Qh8+ Ke7 27. Qh4+ Ke8 28. Ne2 Bd5 29. Nf4 Rd8 30. Qh8+ Bf8 31. Nh5 Kd7 32. Nf4 Bb4 0-1

[Event "IRL-ch 100th First Week"]
[Site "Dublin"]
[Date "2021.07.24"]
[Round "3"]
[White "Beatty, Sean"]
[Black "Liu, Wenle"]
[Result "0-1"]
[WhiteElo "809"]
[BlackElo "1162"]
[PlyCount "92"]
[EventDate "2021.07.23"]
[EventType "swiss"]
[EventRounds "5"]
[EventCountry "IRL"]
[SourceTitle "EXT 2022"]
[Source "ChessBase"]
[SourceDate "2021.10.06"]
[SourceVersion "1"]
[SourceVersionDate "2021.10.06"]
[SourceQuality "1"]

1. e4 e6 2. d4 d5 3. exd5 exd5 4. Nf3 Nf6 5. Bg5 Be7 6. Nc3 0-0 7. h3 Re8 8. Be2 h6 9. Bh4 Bf5 10. 0-0 c6 11. Re1 g5 12. Bg3 Nbd7 13. Bd3 Bxd3 14. Qxd3 Nf8 15. Re2 Ne6 16. Ne5 Bd6 17. Rae1 Kg7 18. Nd1 Ne4 19. Ne3 Bxe5 20. Bxe5+ f6 21. Bh2 Qd7 22. f3 Nf4 23. Bxf4 gxf4 24. Nf5+ Qxf5 25. fxe4 Qg6 26. Qf3 Qg5 27. exd5 Rxe2 28. Rxe2 cxd5 29. Re7+ Kh8 30. Rxb7 Re8 31. Rxa7 Re1+ 32. Kh2 h5 33. Rc7 Re3 34. Rc3 Qg3+ 35. Kg1 Re1+ 36. Qf1 Rxf1+ 37. Kxf1 Qg6 38. a4 Qe8 39. Ra3 Qb8 40. b3 Qb4 41. Ra2 Qxd4 42. a5 Qa7 43. b4 Qc7 44. Ke1 Qc3+ 45. Kd1 Qxb4 46. a6 Qb1+ 0-1

[Event "IRL-ch 100th First Week"]
[Site "Dublin"]
[Date "2021.07.24"]
[Round "2"]
[White "Liu, Wenle"]
[Black "McCarthy, Conor"]
[Result "1-0"]
[WhiteElo "1162"]
[BlackElo "700"]
[PlyCount "65"]
[EventDate "2021.07.23"]
[EventType "swiss"]
[EventRounds "5"]
[EventCountry "IRL"]
[SourceTitle "EXT 2022"]
[Source "ChessBase"]
[SourceDate "2021.10.06"]
[SourceVersion "1"]
[SourceVersionDate "2021.10.06"]
[SourceQuality "1"]

1. d4 d5 2. c4 e6 3. Nc3 Bb4 4. a3 Bxc3+ 5. bxc3 Nf6 6. Bg5 Nbd7 7. e3 c6 8. Nf3 0-0 9. cxd5 exd5 10. Bd3 Qc7 11. Qc2 h6 12. Bf4 Qd8 13. 0-0 c5 14. Ne5 c4 15. Nxd7 cxd3 16. Nxf6+ Qxf6 17. Qxd3 Bf5 18. Qb5 Qg6 19. Qxb7 h5 20. Kh1 h4 21. h3 Qe6 22. Kh2 f6 23. Qb4 g5 24. Bd6 Rf7 25. f3 Kh7 26. Rae1 a5 27. Qb6 Raa7 28. Bc5 Qc8 29. e4 Rab7 30. Qxa5 Rb2 31. exf5 Qxf5 32. Bd6 Qxh3+ 33. Kxh3 1-0